A textbook of windows based computer courses / (Record no. 176572)

000 -LEADER
fixed length control field 00663 a2200181 4500
003 - CONTROL NUMBER IDENTIFIER
control field Nust
005 - DATE AND TIME OF LATEST TRANSACTION
control field 20220722113442.0
020 ## - INTERNATIONAL STANDARD BOOK NUMBER
International Standard Book Number 8127223212
040 ## - CATALOGING SOURCE
Transcribing agency Nust
082 ## - DEWEY DECIMAL CLASSIFICATION NUMBER
Classification number 004,SIN
100 ## - MAIN ENTRY--PERSONAL NAME
Personal name Singh, Gurvinder
9 (RLIN) 94532
245 ## - TITLE STATEMENT
Title A textbook of windows based computer courses /
Statement of responsibility, etc. Gurvinder Singh and Rachhpal Singh
260 ## - PUBLICATION, DISTRIBUTION, ETC.
Place of publication, distribution, etc. Delhi
Name of publisher, distributor, etc. Kalyani
Date of publication, distribution, etc. 2005
300 ## - PHYSICAL DESCRIPTION
Extent 672 p.
505 ## - FORMATTED CONTENTS NOTE
Formatted contents note Computer Fundamentals and Internet (Page-1), MS-DOS (Page-161), MS-Windows (Page-215), MS Office (Page-327), MS-WORD (Page-333), MS- Powerpoint (Page-473),MS-Excel (Page-539), Ms-Access (Page-621).
650 ## - SUBJECT ADDED ENTRY--TOPICAL TERM
Topical term or geographic name entry element Computer Courses
9 (RLIN) 94533
942 ## - ADDED ENTRY ELEMENTS (KOHA)
Source of classification or shelving scheme
Koha item type Book
Call number prefix 004,SIN
Holdings
Withdrawn status Lost status Source of classification or shelving scheme Damaged status Not for loan Permanent Location Current Location Shelving location Date acquired Full call number Barcode Date last seen Price effective from Koha item type Public note
          Military College of Signals (MCS) Military College of Signals (MCS) General Stacks 12/12/2016 004,SIN MCS32543 12/08/2016 12/12/2016 Book Almirah No. 1, Shelf No. 5
© 2023 Central Library, National University of Sciences and Technology. All Rights Reserved.